Anatomie et médecine par lettre - H - Statistiques

Statistiques générales
  • Ce quiz a été pris 114 fois
  • Le résultat moyen est 10 sur 17
Statistiques - réponses
Définitions Noms % Correct
Nom donné aux personnes du genre masculin Homme
99%
Os du bras, reliant le coude et l'épaule Humérus
87%
Manque de sucre dans le sang Hypoglycémie
87%
Articulation du bassin Hanche
78%
Formation vasculaire anale pouvant s'inflammer et être douloureuse Hémorroïde
72%
Inflammation du foie, souvent virale Hépatite
71%
Spécialité étudiant le sang Hématologie
69%
Glande de la base du cerveau, contrôlant les sécrétions hormonales Hypophyse
63%
Difficulté à voir de près Hypermétropie
61%
Membrane séparant la vulve du vagin Hymen
55%
Zone de faiblesse de la paroi, par exemple inguinale Hernie
53%
Autre nom des globules rouges Hématie
51%
Tuméfaction contenant du sang Hématome
51%
Molécule sécrétée par les glandes endocrines Hormone
50%
Plus gros orteil des membres inférieurs Hallux
44%
Relief bordant le pavillon de l'oreille Hélix
27%
En anatomie, cadrant supérieur abdominal, droit ou gauche séparés par l'épigastre Hypochondre
26%
Aucun quiz correspondant
Distribution des résultats
% des personnes avec chaque résultat
Percentile par nombre de réponses
Votre historique - résultats
Vous n’avez pas pris ce quiz